00638cam a22002173a 45000010005000000030006000050050017000110080041000280400015000690420007000840500007000911000025000982450107001232600029002305060030002595160020002896530018003096530024003278300028003518560041003797350PGUSA20140828083143.0050101s2005||||xxu|||||s|||||000 | eng d aPGUSAbeng adc 4aTX1 aLansdown, Lillian B.10aHow to Prepare and Serve a Meal; and Interior Decorationh[electronic resource] /cLillian B. Lansdown bProject Gutenberg,c2005 aPublic domain in the USA. aElectronic text aTable service aInterior decoration 0aProject Gutenbergv735040uhttp://www.gutenberg.org/ebooks/7350